000 01038 a2200241 4500
005 20260203161101.0
008 260203b |||||||| |||| 00| 0 eng d
020 _a8126310154 (hbk)
037 _cTB
040 _aCRL
_cCRL
041 _2hin
_ahin
084 _aO152,1N72x P9
_qCRL
100 _aपुतुल, निर्मला
_9860638
245 _aनगाड़े की तरह बजते शब्द
260 _aनयी दिल्ली, भारत:
_bभारतीय ज्ञानपीठ,
_c2005.
300 _a95पृ.
365 _b75.00
_cINR
650 _aहिन्दी कविता
_91113456
650 _aहिन्दी साहित्य
_91113457
700 _aसिंह, अशोक
_eअनुवादक
_91113458
942 _cTB
_2CC
_n0
_hO152,1N72x P9
999 _c1466686
_d1466686